000 01141nam a2200313 i 4500
003 EG-GICUC
005 20260310143518.0
008 260310s1936 ua ||||fr|||| 000 0 ara d
040 _a EG-GICUC
_bara
_c EG-GICUC
_d EG-GICUC
_erda
041 0 _aara
082 0 4 _221
_a341.8
_bم ا . ق
092 0 4 _221
099 _aLaw1 11 1936 341.8 م ا . ق
100 0 _aحامد زكى ،
_eمؤلف.
245 1 2 _aالقانون الدولي الخاص المصري /
_cتأليف حامد زكى .
250 _aالطبعة الأولى .
264 3 _aالقاهرة :
_bمطبعة نوري ،
_c١٩٣٦ .
300 _a752 ؛ صفحة
_c24 سم
_bإيضاحيات، صور، مثيليات ؛
336 _2rda content
_atext
337 _2rda media
_aComputer
338 _2rda carrier
_aOnline Resource
504 _aيشتمل على ارجاعات ببليوجرافية .
546 _aالنص باللغة العربية
650 1 4 _aالقانون الدولي الخاص
_zمصر
_2qrmak
651 1 _2qrmak
856 4 0 _uhttps://fll.law.cu.edu.eg/fulltext/bks/B12-00637.pdf
905 _a76
942 _2ddc
_cBK
_e21
_n0
999 _c65981
_d65981